Il Cervino e la sua storia, (Record no. 4986)

MARC details
000 -LEADER
fixed length control field 00670cam a22002291 4500
001 - CONTROL NUMBER
control field af 48002347
003 - CONTROL NUMBER IDENTIFIER
control field DLC
005 - DATE AND TIME OF LATEST TRANSACTION
control field 20260227110855.0
008 - FIXED-LENGTH DATA ELEMENTS--GENERAL INFORMATION
fixed length control field 880929s1944 it a 000 0 ita c
010 ## - LIBRARY OF CONGRESS CONTROL NUMBER
LC control number af 48002347
035 ## - SYSTEM CONTROL NUMBER
System control number (OCoLC)18545450
040 ## - CATALOGING SOURCE
Original cataloging agency California. Univ. Libr.
Transcribing agency CSfSC
Modifying agency DLC
050 00 - LIBRARY OF CONGRESS CALL NUMBER
Classification number DQ841.M4
Item number B4
082 ## - DEWEY DECIMAL CLASSIFICATION NUMBER
Classification number 914.94
100 1# - MAIN ENTRY--PERSONAL NAME
Personal name Bernardi, Marziano.
245 03 - TITLE STATEMENT
Title Il Cervino e la sua storia,
Statement of responsibility, etc. a cura di Vittorio Zumaglino.
260 ## - PUBLICATION, DISTRIBUTION, ETC.
Place of publication, distribution, etc. Torino,
Name of publisher, distributor, etc. Edizioni S.A. Cervino
Date of publication, distribution, etc. [1944]
300 ## - PHYSICAL DESCRIPTION
Extent 70 p.
Other physical details illus.
Dimensions 29 cm.
651 #0 - SUBJECT ADDED ENTRY--GEOGRAPHIC NAME
Geographic name Matterhorn (Switzerland and Italy)
650 #0 - SUBJECT ADDED ENTRY--TOPICAL TERM
Topical term or geographic name entry element Mountaineering.
700 1# - ADDED ENTRY--PERSONAL NAME
Personal name Zumaglino, Vittorio,
Relator term ed.

No items available.

Powered by Koha